000 00291nam a2200121Ia 4500
008 240731s9999 xx 000 0 und d
022 _a1938-3525
245 0 _aHuman Organization
260 _bRoutledge
856 _uhttps://www.tandfonline.com/loi/rhum20
942 _2ddc
942 _cTFEJ
999 _c76876
_d76876
945 _a1
_bMadushi Gamage
_c1
_dMadushi Gamage